[Event "Turkey IS Bank Super League 2017"]
[Site "Darica-Kocaeli"]
[Date "2017.08.06"]
[Round "13"]
[White "Kerigan, Demre"]
[Black "Ertan, Can"]
[Result "0-1"]
[WhiteElo "2354"]
[BlackElo "2377"]
[Annotator "NA"]
[PlyCount "74"]
[EventType "team-tourn"]
[EventCountry "TUR"]
[SourceTitle "playchess.com"]
[Source "ChessBase"]
[SourceQuality "1"]

1. e4 e5 2. Bc4 Nc6 3. d3 Nf6 4. Nc3 Na5 5. Nge2 Bc5 6. O-O c6 7. a3 Nxc4 8. dxc4 h6 9. Qd3 Qc7 10. Be3 Be7 11. Rad1 d6 12. h3 Be6 13. f4 Rd8 14. f5 Bc8 15. Bf2 O-O 16. Ng3 b6 17. Qf3 Ba6 18. b3 d5 19. exd5 cxd5 20. Nxd5 Nxd5 21. Rxd5 Bb7 22. Ne4 Rxd5 23. cxd5 Bxd5 24. c4 Bxe4 25. Qxe4 Bxa3 26. Rd1 Be7 27. Rd5 f6 28. Be3 Rd8 29. Kh2 Rd7 30. h4 Qc6 31. Qg4 Rxd5 32. Bxh6 Bf8 33. cxd5 Qxd5 34. h5 Qxb3 35. Bd2 Qd3 36. Bc1 Qd4 37. Qg3 Qd1 0-1

[Event "Turkey IS Bank Super League 2017"]
[Site "Darica-Kocaeli"]
[Date "2017.08.06"]
[Round "13"]
[White "Yildiz, Betul Cemre"]
[Black "Mammadova, Gulnar"]
[Result "1/2-1/2"]
[WhiteElo "2326"]
[BlackElo "2357"]
[Annotator "TA"]
[PlyCount "29"]
[EventType "team-tourn"]
[EventCountry "TUR"]
[SourceTitle "playchess.com"]
[Source "ChessBase"]
[SourceQuality "1"]

1. d4 d5 2. c4 e6 3. Nf3 Nf6 4. Nc3 c6 5. cxd5 exd5 6. Bg5 Be7 7. Qc2 O-O 8. e3 Nbd7 9. Bd3 Re8 10. O-O Nf8 11. Bf4 Bd6 12. Bg5 Be7 13. Bf4 Bd6 14. Bg5 Be7 15. Bf4 1/2-1/2

[Event "Turkey IS Bank Super League 2017"]
[Site "Darica-Kocaeli"]
[Date "2017.08.06"]
[Round "13"]
[White "Ozen, Bahadir"]
[Black "Tasdogen, Dincer"]
[Result "1/2-1/2"]
[WhiteElo "2315"]
[BlackElo "2215"]
[Annotator "NA"]
[PlyCount "74"]
[EventType "team-tourn"]
[EventCountry "TUR"]
[SourceTitle "playchess.com"]
[Source "ChessBase"]
[SourceQuality "1"]

1. g3 g6 2. Bg2 Bg7 3. d3 d5 4. Nf3 e5 5. O-O Ne7 6. Nbd2 O-O 7. e4 c6 8. Re1 d4 9. b4 Qc7 10. Bb2 a5 11. a3 axb4 12. axb4 Rxa1 13. Qxa1 Na6 14. c3 Rd8 15. Bf1 Bg4 16. h3 Bxf3 17. Nxf3 Qb6 18. Rc1 Nc7 19. cxd4 Ra8 20. Qb1 exd4 21. Rc4 Nb5 22. e5 Nd5 23. Nxd4 Bxe5 24. Nxb5 Bxb2 25. Qxb2 Qxb5 26. Bg2 Nc7 27. Qf6 Qa6 28. Qe7 Ne6 29. Re4 Qa1+ 30. Kh2 Ra2 31. Rxe6 fxe6 32. Qe8+ Kg7 33. Qe7+ Kh6 34. Qh4+ Kg7 35. Qe7+ Kh6 36. Qh4+ Kg7 37. Qe7+ Kh6 1/2-1/2

[Event "Turkey IS Bank Super League 2017"]
[Site "Darica-Kocaeli"]
[Date "2017.08.07"]
[Round "13"]
[White "Agdelen, Huseyin Can"]
[Black "Dastan, Muhammed Batuhan"]
[Result "0-1"]
[WhiteElo "2309"]
[BlackElo "2529"]
[Annotator "TA"]
[PlyCount "58"]
[EventType "team-tourn"]
[EventCountry "TUR"]
[SourceTitle "playchess.com"]
[Source "ChessBase"]
[SourceQuality "1"]

1. e4 c5 2. Nf3 d6 3. Bb5+ Nd7 4. O-O a6 5. Bd3 Ngf6 6. Re1 g6 7. c3 Bg7 8. Bc2 O-O 9. d4 e5 10. dxe5 Nxe5 11. Nxe5 dxe5 12. Qxd8 Rxd8 13. a4 Be6 14. a5 Rac8 15. f3 Bf8 16. Bg5 Kg7 17. f4 h6 18. Bh4 exf4 19. e5 Ng4 20. Bxd8 Rxd8 21. Rd1 Rc8 22. h3 Ne3 23. Rd2 c4 24. Na3 Rc5 25. Be4 Rxa5 26. Bxb7 Rxe5 27. Bxa6 Bc5 28. Kh1 f3 29. gxf3 Rh5 0-1

[Event "Turkey IS Bank Super League 2017"]
[Site "Darica-Kocaeli"]
[Date "2017.08.08"]
[Round "13"]
[White "Ozates, Tuna"]
[Black "Karatekin, Tamer"]
[Result "1-0"]
[WhiteElo "2291"]
[BlackElo "2287"]
[Annotator "TA"]
[PlyCount "99"]
[EventType "team-tourn"]
[EventCountry "TUR"]
[SourceTitle "playchess.com"]
[Source "ChessBase"]
[SourceQuality "1"]

1. d4 e6 2. Nf3 Nf6 3. Bf4 Be7 4. Nbd2 Nh5 5. Bg3 d5 6. e3 Nd7 7. Bd3 c5 8. c3 Qb6 9. Rb1 h6 10. O-O Nxg3 11. hxg3 O-O 12. b4 c4 13. Bc2 f5 14. Ba4 Bd6 15. Bxd7 Bxd7 16. Ne5 Be8 17. Ndf3 Qc7 18. Qc2 Bh5 19. Kh2 g5 20. Rh1 Kg7 21. Kg1 Bxf3 22. Nxf3 Rh8 23. Kf1 Kf6 24. Ke2 h5 25. a4 Rag8 26. Rbg1 Rh7 27. Nd2 h4 28. gxh4 gxh4 29. Nf3 Rg4 30. Rh3 Qg7 31. Kf1 Qg8 32. a5 Ke7 33. Qb1 Kd8 34. Qc2 Kc7 35. b5 Kc8 36. Qb1 Qd8 37. b6 a6 38. g3 Qg8 39. Rxh4 Rhxh4 40. Nxh4 f4 41. exf4 Bxf4 42. Qb4 Kd7 43. Qa4+ Ke7 44. Nf3 Qg6 45. Qd1 Bd6 46. Rh1 Re4 47. Kg2 Rg4 48. Rh3 Qe4 49. Rh8 Qg6 50. Qh1 1-0

[Event "Turkey IS Bank Super League 2017"]
[Site "Darica-Kocaeli"]
[Date "2017.08.08"]
[Round "13"]
[White "Buyukasik, Diyap"]
[Black "Heberla, Bartlomiej"]
[Result "0-1"]
[WhiteElo "2285"]
[BlackElo "2577"]
[Annotator "TA"]
[PlyCount "104"]
[EventType "team-tourn"]
[EventCountry "TUR"]
[SourceTitle "playchess.com"]
[Source "ChessBase"]
[SourceQuality "1"]

1. Nf3 g6 2. d4 Bg7 3. g3 c5 4. c3 Qa5 5. d5 d6 6. Bg2 Nf6 7. O-O b5 8. Re1 O-O 9. h3 Nbd7 10. e4 Nb6 11. Nbd2 Rb8 12. a4 bxa4 13. Bf1 c4 14. Nd4 Bd7 15. b4 cxb3 16. N2xb3 Qxc3 17. Bd2 Qc8 18. Rc1 axb3 19. Rxc8 Rfxc8 20. Nxb3 Ba4 21. Qf3 Bxb3 22. Qxb3 Nc4 23. Qd3 Nxd2 24. Qxd2 Nd7 25. Qa2 a5 26. Ba6 Rc7 27. Rb1 Rxb1+ 28. Qxb1 Bd4 29. Qa2 Rc1+ 30. Kg2 Ne5 31. Be2 Ra1 32. Qd2 Bc5 33. Qb2 Ra4 34. Qb5 Ra2 35. f4 Nd7 36. e5 dxe5 37. fxe5 Nxe5 38. Qb8+ Kg7 39. Qxe5+ f6 40. Qe6 Bd6 41. h4 a4 42. h5 a3 43. Kh3 Ra1 44. hxg6 hxg6 45. Bb5 Rg1 46. Be8 Rxg3+ 47. Kh4 Kh6 48. Bxg6 Rxg6 49. Qf7 Bg3+ 50. Kh3 a2 51. Qf8+ Kg5 52. Qa8 Be5 0-1

[Event "Turkey IS Bank Super League 2017"]
[Site "Darica-Kocaeli"]
[Date "2017.08.06"]
[Round "13"]
[White "Selbes, Tarik"]
[Black "Markus, Robert"]
[Result "1-0"]
[WhiteElo "2260"]
[BlackElo "2672"]
[Annotator "TA"]
[PlyCount "73"]
[EventType "team-tourn"]
[EventCountry "TUR"]
[SourceTitle "playchess.com"]
[Source "ChessBase"]
[SourceQuality "1"]

1. e4 c5 2. Nf3 e6 3. d3 Nc6 4. g3 g6 5. Bg2 Bg7 6. O-O Nge7 7. c3 e5 8. Nbd2 O-O 9. Re1 d6 10. a3 h6 11. b4 Be6 12. b5 Na5 13. d4 exd4 14. cxd4 cxd4 15. Rb1 Rc8 16. Rb4 Qb6 17. Bb2 Rc3 18. e5 dxe5 19. Nxe5 Nf5 20. Ndf3 Bb3 21. Qa1 Rfc8 22. g4 Bxe5 23. Rxe5 Rxf3 24. Bxf3 Nh4 25. Bh1 Be6 26. h3 Qd6 27. Rxd4 Qc7 28. Qe1 Nc4 29. Rxe6 Nxb2 30. Re7 Qc5 31. Rd5 Qc4 32. Re8+ Kh7 33. Rxc8 Qxc8 34. Qd2 Na4 35. Rd8 Qc5 36. Qf4 Qe7 37. Qd4 1-0

[Event "Turkey IS Bank Super League 2017"]
[Site "Darica-Kocaeli"]
[Date "2017.08.06"]
[Round "13"]
[White "Isgandarova, Khayala"]
[Black "Muzychuk, Anna"]
[Result "1/2-1/2"]
[WhiteElo "2257"]
[BlackElo "2572"]
[Annotator "TA"]
[PlyCount "72"]
[EventType "team-tourn"]
[EventCountry "TUR"]
[SourceTitle "playchess.com"]
[Source "ChessBase"]
[SourceQuality "1"]

1. e4 e5 2. Nf3 Nc6 3. Bb5 a6 4. Ba4 Nf6 5. O-O Be7 6. Re1 b5 7. Bb3 d6 8. c3 O-O 9. h3 Nd7 10. d4 Bb7 11. Nbd2 exd4 12. cxd4 Bf6 13. Nf1 Na5 14. Bc2 Re8 15. Ng3 g6 16. b3 c5 17. Bb2 Rc8 18. Qd2 Nc6 19. Rad1 cxd4 20. Bb1 d3 21. Bxf6 Qxf6 22. Qxd3 Nde5 23. Nxe5 dxe5 24. Ne2 Red8 25. Qe3 Nd4 26. Nxd4 exd4 27. Qd2 Rc3 28. Bd3 Qc6 29. f4 a5 30. Qf2 a4 31. bxa4 bxa4 32. e5 Bc8 33. f5 Bxf5 34. Bxf5 gxf5 35. Qxf5 Qg6 36. Qf6 Qxf6 1/2-1/2

[Event "Turkey IS Bank Super League 2017"]
[Site "Darica-Kocaeli"]
[Date "2017.08.07"]
[Round "13"]
[White "Avramidou, Anastasia"]
[Black "Sade, Defne"]
[Result "1-0"]
[WhiteElo "2247"]
[BlackElo "1654"]
[Annotator "TA"]
[PlyCount "97"]
[EventType "team-tourn"]
[EventCountry "TUR"]
[SourceTitle "playchess.com"]
[Source "ChessBase"]
[SourceQuality "1"]

1. d4 d5 2. c4 c6 3. Nf3 Nf6 4. Nc3 dxc4 5. a4 Bf5 6. Nh4 Bg4 7. h3 Bh5 8. g4 Bg6 9. Nxg6 hxg6 10. e4 e6 11. Bxc4 Bb4 12. e5 Ne4 13. Qd3 Qa5 14. Qxe4 Bxc3+ 15. Kf1 Bb4 16. Bg5 Be7 17. Bxe7 Kxe7 18. Kg2 Nd7 19. Qe3 Qb4 20. Qg5+ Kf8 21. b3 Nb6 22. Rhc1 Qe7 23. Qf4 Rd8 24. a5 Nxc4 25. bxc4 f5 26. Rab1 Kf7 27. Rb3 Rd7 28. Rcb1 Rhd8 29. d5 cxd5 30. cxd5 Rxd5 31. Rxb7 R8d7 32. a6 Qa3 33. Qc4 Qd3 34. Qxd3 Rxd3 35. Rxd7+ Rxd7 36. Rb7 Ke7 37. Kg3 Kd8 38. Rxd7+ Kxd7 39. Kf4 Kc6 40. Kg5 Kd5 41. Kxg6 fxg4 42. hxg4 Kxe5 43. Kxg7 Kf4 44. Kf6 Kxg4 45. Kxe6 Kf3 46. Kd5 Kxf2 47. Kc6 Ke3 48. Kb7 Kd4 49. Kxa7 1-0

[Event "Turkey IS Bank Super League 2017"]
[Site "Darica-Kocaeli"]
[Date "2017.08.06"]
[Round "13"]
[White "Topak, Engin"]
[Black "Secer, Ata"]
[Result "1/2-1/2"]
[WhiteElo "2192"]
[BlackElo "2301"]
[Annotator "TA"]
[PlyCount "61"]
[EventType "team-tourn"]
[EventCountry "TUR"]
[SourceTitle "playchess.com"]
[Source "ChessBase"]
[SourceQuality "1"]

1. c4 c6 2. Nf3 d5 3. e3 Nf6 4. Nc3 a6 5. d4 b5 6. b3 Bg4 7. Qc2 Bxf3 8. gxf3 Nbd7 9. f4 e6 10. c5 Be7 11. Bd3 a5 12. a4 b4 13. Ne2 g6 14. Bd2 Nh5 15. O-O-O Ndf6 16. f3 Ng7 17. e4 Qd7 18. Rhg1 Nfh5 19. Be3 f5 20. e5 Kf7 21. Rg2 Rag8 22. Ng1 Qd8 23. Nh3 Ke8 24. Rdg1 Kf7 25. Kb1 Ke8 26. Ka2 Kd7 27. Bf1 Rf8 28. Kb1 Rhg8 29. Qe2 Rh8 30. Kc2 Rhg8 31. Kb1 1/2-1/2

[Event "Turkey IS Bank Super League 2017"]
[Site "Darica-Kocaeli"]
[Date "2017.08.06"]
[Round "13"]
[White "Ererdem, Gani Eren"]
[Black "Sevgi, Volkan"]
[Result "1-0"]
[WhiteElo "2090"]
[BlackElo "2199"]
[Annotator "NA"]
[PlyCount "81"]
[EventType "team-tourn"]
[EventCountry "TUR"]
[SourceTitle "playchess.com"]
[Source "ChessBase"]
[SourceQuality "1"]

1. d4 d5 2. Nf3 c6 3. c4 e6 4. g3 f5 5. Bg2 Nf6 6. O-O Bd6 7. Bf4 O-O 8. Nbd2 b6 9. Rc1 Bb7 10. Bxd6 Qxd6 11. Ne5 Nbd7 12. Ndf3 c5 13. Qa4 cxd4 14. Nxd7 Nxd7 15. Nxd4 Nc5 16. Qb4 f4 17. Rcd1 Rad8 18. Nb5 Qe7 19. Nxa7 d4 20. Qxb6 Rb8 21. Bxb7 Rxb7 22. Nc6 Rxb6 23. Nxe7+ Kf7 24. b4 Na4 25. c5 Rxb4 26. Nc6 Rb5 27. Rxd4 Nc3 28. Rxf4+ Ke8 29. Rxf8+ Kxf8 30. Nd4 Ra5 31. Nxe6+ Ke7 32. Nd4 Ra4 33. e3 Rxa2 34. Rc1 Nd5 35. c6 Nc7 36. Rb1 Ra5 37. Rb7 Kd6 38. Rb8 Ke7 39. Rg8 Ne8 40. c7 Rc5 41. Nb5 1-0

[Event "Turkey IS Bank Super League 2017"]
[Site "Darica-Kocaeli"]
[Date "2017.08.08"]
[Round "13"]
[White "Arda, Cagil Irmak"]
[Black "Yassibag, Ipek Asli"]
[Result "0-1"]
[WhiteElo "2080"]
[BlackElo "1880"]
[Annotator "NA RC"]
[PlyCount "118"]
[EventType "team-tourn"]
[EventCountry "TUR"]
[SourceTitle "playchess.com"]
[Source "ChessBase"]
[SourceQuality "1"]

1. e4 d5 2. exd5 Nf6 3. Bb5+ Bd7 4. Be2 Nxd5 5. d4 Bf5 6. Nf3 e6 7. O-O Bd6 8. g3 O-O 9. a3 Nc6 10. c4 Nf6 11. b4 a6 12. Bb2 Be7 13. Re1 Ne4 14. Bd3 Ng5 15. Bxf5 exf5 16. Nbd2 Bf6 17. Nxg5 Bxg5 18. f4 Bf6 19. Nf3 Re8 20. Ne5 Ne7 21. Qf3 c6 22. Kh1 g6 23. h3 Bg7 24. Kg2 Nc8 25. a4 Nd6 26. Qb3 Bxe5 27. fxe5 Ne4 28. d5 cxd5 29. cxd5 Qb6 30. Re2 Rad8 31. Rd1 a5 32. b5 Qc5 33. Rd3 Qe7 34. Qa2 Qb4 35. Rd4 Qc5 36. Rd3 Qb4 37. Qa1 Qc4 38. Qd1 Nc5 39. Rd4 Qb3 40. Qxb3 Nxb3 41. Rd1 Nc5 42. Bc3 Nxa4 43. Bxa5 Rd7 44. Ra2 Nc5 45. Bc3 Ne4 46. Ba1 Red8 47. Rc2 h6 48. h4 g5 49. d6 f6 50. e6 Rxd6 51. Rxd6 Rxd6 52. Rc8+ Kg7 53. e7 Rd2+ 54. Kf3 Nd6 55. e8=Q Nxe8 56. Rxe8 Rd3+ 57. Re3 Rd1 58. Bb2 Rd2 59. Bc3 g4+ 0-1

[Event "Turkey IS Bank Super League 2017"]
[Site "Darica-Kocaeli"]
[Date "2017.08.06"]
[Round "13"]
[White "Gundogan, Cem"]
[Black "Tari, Aryan"]
[Result "0-1"]
[WhiteElo "2062"]
[BlackElo "2595"]
[Annotator "TA"]
[PlyCount "84"]
[EventType "team-tourn"]
[EventCountry "TUR"]
[SourceTitle "playchess.com"]
[Source "ChessBase"]
[SourceQuality "1"]

1. e4 e5 2. Nf3 Nc6 3. Bb5 a6 4. Ba4 Nge7 5. d4 exd4 6. Nxd4 Ng6 7. Nxc6 bxc6 8. O-O Bc5 9. Qh5 Qe7 10. Nc3 O-O 11. Kh1 Bd4 12. Bd2 Bxc3 13. Bxc3 Qxe4 14. Qa5 Nf4 15. f3 Qg6 16. Rf2 Ne6 17. f4 f5 18. Rf3 Qe8 19. Bb3 d5 20. Rg3 Rf7 21. Re1 Qd8 22. Be5 c5 23. c4 d4 24. Bd1 Bb7 25. Bh5 Rd7 26. Qd2 Qh4 27. Bf3 Bxf3 28. Rxf3 Re8 29. g3 Qd8 30. Ra3 Qc8 31. Qg2 c6 32. h3 Rde7 33. Qc2 Nf8 34. Ra5 Nd7 35. Qxf5 Qb7 36. Ra3 Qxb2 37. Rf3 Qxa2 38. Ref1 Qxc4 39. Qd3 Qxd3 40. Rxd3 Nxe5 41. fxe5 Rxe5 42. Kg2 Re3 0-1

[Event "Turkey IS Bank Super League 2017"]
[Site "Darica-Kocaeli"]
[Date "2017.08.06"]
[Round "13"]
[White "Gulden, Egemen"]
[Black "Ozenir, Ekin Baris"]
[Result "0-1"]
[WhiteElo "2044"]
[BlackElo "2098"]
[Annotator "NA"]
[PlyCount "94"]
[EventType "team-tourn"]
[EventCountry "TUR"]
[SourceTitle "playchess.com"]
[Source "ChessBase"]
[SourceQuality "1"]

1. e4 e6 2. d4 d5 3. Nd2 c5 4. Ngf3 Nc6 5. exd5 exd5 6. Bb5 Bd6 7. dxc5 Bxc5 8. O-O Nge7 9. Nb3 Bb6 10. Bg5 O-O 11. Nbd4 Bd7 12. a4 a6 13. Be2 f6 14. Be3 Ne5 15. c3 Rc8 16. Qb3 Nc4 17. Bf4 Ng6 18. Bg3 f5 19. h3 f4 20. Bh2 a5 21. Bd3 Qf6 22. Qc2 Bxd4 23. Nxd4 Nge5 24. Bxh7+ Kh8 25. b3 Nd6 26. Rae1 g6 27. Rxe5 Qxe5 28. Bxg6 Ne4 29. Qd1 Nxc3 30. Qf3 Qg5 31. Bd3 Rce8 32. Rc1 Ne4 33. Rc7 Nd2 34. Qd1 Qe5 35. Qxd2 Qxc7 36. Ne2 Qe5 37. Nxf4 Qe1+ 38. Qxe1 Rxe1+ 39. Bf1 Rxf4 40. Bxf4 Bf5 41. Bd2 Rd1 42. Bxa5 Bd3 43. g4 Bxf1 44. Kh2 Rd3 45. h4 Rh3+ 46. Kg1 Be2 47. Bd8 Bf3 0-1

[Event "Turkey IS Bank Super League 2017"]
[Site "Darica-Kocaeli"]
[Date "2017.08.06"]
[Round "13"]
[White "Unat, Can Haktan"]
[Black "Yilmaz, Goktan"]
[Result "0-1"]
[WhiteElo "2006"]
[BlackElo "2202"]
[Annotator "NA"]
[PlyCount "105"]
[EventType "team-tourn"]
[EventCountry "TUR"]
[SourceTitle "playchess.com"]
[Source "ChessBase"]
[SourceQuality "1"]

1. Nf3 Nf6 2. g3 g6 3. b3 Bg7 4. Bb2 O-O 5. Bg2 c5 6. c4 Nc6 7. O-O d6 8. d4 cxd4 9. Nxd4 Bd7 10. Nc3 a6 11. Rc1 Qa5 12. e3 Rac8 13. Qe2 Bg4 14. f3 Bd7 15. Rfd1 Qh5 16. Nxc6 bxc6 17. Na4 Rc7 18. c5 d5 19. Nb6 e5 20. Nxd7 Nxd7 21. Rc2 f5 22. f4 Qxe2 23. Rxe2 exf4 24. Bxg7 Kxg7 25. exf4 Nxc5 26. Rc2 Ne6 27. b4 Rb8 28. a3 Kf6 29. Re1 Nd4 30. Rd2 Nb5 31. Rde2 Nxa3 32. Ra1 Nc4 33. Rxa6 Rb6 34. Ra8 Rxb4 35. Rf8+ Kg7 36. Rfe8 Rb1+ 37. Kf2 Rb2 38. Rxb2 Nxb2 39. Ke3 Kf7 40. Rb8 Nc4+ 41. Kd4 Ke6 42. Kc5 Nd6 43. Kb6 Kd7 44. Rg8 Rb7+ 45. Kc5 Rb5+ 46. Kd4 Ke6 47. Ra8 c5+ 48. Kc3 d4+ 49. Kc2 c4 50. Bf1 d3+ 51. Kd2 Rb2+ 52. Ke3 Rb1 53. Kd4 0-1

[Event "Turkey IS Bank Super League 2017"]
[Site "Darica-Kocaeli"]
[Date "2017.08.08"]
[Round "13"]
[White "Gundogan, Sinem Cagla"]
[Black "Ayan, Bengu Sena"]
[Result "1-0"]
[WhiteElo "2000"]
[BlackElo "1862"]
[Annotator "NA RC"]
[PlyCount "113"]
[EventType "team-tourn"]
[EventCountry "TUR"]
[SourceTitle "playchess.com"]
[Source "ChessBase"]
[SourceQuality "1"]

1. e4 e6 2. d4 d5 3. e5 c5 4. c3 Qb6 5. Nf3 Nc6 6. a3 Bd7 7. b4 cxd4 8. cxd4 Rc8 9. Be3 Nge7 10. Bd3 Nf5 11. Nbd2 Be7 12. O-O O-O 13. Nb3 Nxe3 14. fxe3 f6 15. Nc5 Qc7 16. exf6 Bxf6 17. Rc1 b6 18. Nxd7 Qxd7 19. b5 Ne7 20. Rxc8 Qxc8 21. Qb1 h6 22. Qb3 Kh8 23. Bb1 Qc4 24. Qxc4 dxc4 25. Ne5 Rc8 26. Nf7+ Kg8 27. Nd6 Rc7 28. Ne8 Rd7 29. Ba2 Kf7 30. Nxf6 gxf6 31. Bxc4 Nd5 32. Kf2 Rc7 33. Rc1 Ke7 34. Ke2 Kd6 35. Kd3 e5 36. g3 f5 37. e4 fxe4+ 38. Kxe4 exd4 39. Kxd4 Nf6 40. Re1 Ng4 41. Re6+ Kd7 42. Re2 Kd8 43. Be6 Nf6 44. Ke5 Nd7+ 45. Kf5 Nf8 46. a4 Rc5+ 47. Kf6 Nxe6 48. Kxe6 Rc4 49. Ra2 h5 50. Kf5 Ke7 51. Kg5 Rc5+ 52. Kg6 Re5 53. Rf2 Kd6 54. Rf5 Re4 55. Rf4 Re5 56. Rh4 Ke6 57. Rxh5 1-0

[Event "Turkey IS Bank Super League 2017"]
[Site "Darica-Kocaeli"]
[Date "2017.08.06"]
[Round "13"]
[White "Sop, Selen"]
[Black "Atalik, Ekaterina"]
[Result "0-1"]
[WhiteElo "1952"]
[BlackElo "2445"]
[Annotator "TA"]
[PlyCount "46"]
[EventType "team-tourn"]
[EventCountry "TUR"]
[SourceTitle "playchess.com"]
[Source "ChessBase"]
[SourceQuality "1"]

1. Nf3 d5 2. g3 Nf6 3. Bg2 c5 4. O-O e6 5. d3 Be7 6. Nbd2 Nc6 7. Re1 b6 8. e4 Qc7 9. Nf1 d4 10. e5 Nd7 11. h4 h6 12. N1h2 Bb7 13. Bf4 O-O-O 14. a4 Rdg8 15. Qc1 g5 16. hxg5 hxg5 17. Bxg5 Bxg5 18. Nxg5 Ncxe5 19. Nhf3 f6 20. Nxe5 Nxe5 21. Rxe5 Bxg2 22. Kxg2 Qxe5 23. Nf3 Rxg3+ 0-1

[Event "Turkey IS Bank Super League 2017"]
[Site "Darica-Kocaeli"]
[Date "2017.08.07"]
[Round "13"]
[White "Alper, Metin"]
[Black "Kamer, Kayra"]
[Result "1/2-1/2"]
[WhiteElo "1947"]
[BlackElo "2062"]
[Annotator "NA RC"]
[PlyCount "74"]
[EventType "team-tourn"]
[EventCountry "TUR"]
[SourceTitle "playchess.com"]
[Source "ChessBase"]
[SourceQuality "1"]

1. d4 Nf6 2. Nf3 g6 3. c4 Bg7 4. Nc3 d5 5. h4 c6 6. e3 O-O 7. Qb3 Qb6 8. Qxb6 axb6 9. cxd5 cxd5 10. h5 Bf5 11. hxg6 hxg6 12. Nh4 e6 13. Nxf5 exf5 14. Be2 Nc6 15. O-O Rfd8 16. Bd2 Ne4 17. Nxe4 fxe4 18. a3 Na5 19. Bxa5 bxa5 20. Rfc1 Rac8 21. Kf1 Kf8 22. Ke1 Ke7 23. Kd2 f5 24. Rxc8 Rxc8 25. Rc1 Rxc1 26. Kxc1 f4 27. Kd2 fxe3+ 28. fxe3 Kd6 29. a4 b6 30. b3 Bf8 31. Bb5 Ke6 32. g4 Bb4+ 33. Ke2 Ba3 34. Bc6 Bc1 35. Bb7 g5 36. Bc8+ Kd6 37. Bb7 Ba3 1/2-1/2

[Event "Turkey IS Bank Super League 2017"]
[Site "Darica-Kocaeli"]
[Date "2017.08.06"]
[Round "13"]
[White "Kargaci, Humeyra"]
[Black "Ozbay, Ece"]
[Result "0-1"]
[WhiteElo "1737"]
[BlackElo "1970"]
[Annotator "NA"]
[PlyCount "150"]
[EventType "team-tourn"]
[EventCountry "TUR"]
[SourceTitle "playchess.com"]
[Source "ChessBase"]
[SourceQuality "1"]

1. c4 c6 2. Nc3 Nf6 3. g3 d5 4. cxd5 cxd5 5. d4 Bf5 6. Bg2 e6 7. Qb3 Qb6 8. Qxb6 axb6 9. Nf3 Nc6 10. Bf4 Bb4 11. O-O Bxc3 12. bxc3 Ra3 13. Rfc1 Ke7 14. c4 Rha8 15. cxd5 exd5 16. Ne5 Rxa2 17. Rxa2 Rxa2 18. Nxc6+ bxc6 19. Rxc6 Rxe2 20. Bf3 Re1+ 21. Kg2 Bd3 22. h4 Ne4 23. Bxe4 dxe4 24. Rxb6 Be2 25. Rb3 Rd1 26. Re3 Bf3+ 27. Rxf3 exf3+ 28. Kxf3 Rxd4 29. Be5 Rd3+ 30. Ke4 Rd2 31. Ke3 Ra2 32. Bxg7 Ke6 33. Kf3 Ra3+ 34. Kg2 h5 35. Bd4 Kf5 36. Be3 Ke4 37. Bc5 Rf3 38. Bb6 Rf6 39. Be3 Kd3 40. Bc5 Rf5 41. Be3 Ke2 42. Bb6 Kd3 43. Be3 Rf6 44. Bc5 Ke2 45. Be3 Ra6 46. Bc5 f6 47. Bd4 Rd6 48. Bc5 Rd1 49. Be3 f5 50. Bc5 Ra1 51. Bd6 Ra4 52. Bf4 Re4 53. Bd6 Rg4 54. Bc7 Rc4 55. Bd6 Rc3 56. Be5 Rc2 57. Bf4 Rb2 58. Be5 Rb3 59. Bc7 Rf3 60. Bb6 f4 61. Bc5 Rc3 62. Bd4 f3+ 63. Kh2 Rc2 64. Be3 Rc4 65. Kh3 Rb4 66. Kh2 Rb1 67. g4 Rb4 68. g5 Rxh4+ 69. Kg1 Kd1 70. g6 Rg4+ 71. Kh2 Rxg6 72. Kh3 Rg4 73. Bc5 Ke2 74. Be3 Rg2 75. Kh4 Rxf2 0-1